000 00350nam a2200145Ia 4500
008 221030s9999 xx 000 0 und d
020 _a8184310870
041 _aEnglish
100 _aJ. S. Chitode
245 0 _aCommunication Systems
_cby J. S. Chitode
260 _bTechnical Pub.
_aPune
_c2008
300 _a752
650 _aBB ECE
942 _cBK
999 _c18052
_d18052